Як досягти кар'єрного успіху після військової служби (Запис № 578968)

МАРК-запис
000 -Лідер
fixed length control field 02780 a2200241 4500
003 - Ідентифікатор контрольного номера
control field UA-OsUOA
005 - Дата та час останнього входження (трансакції)
control field 20250620152412.0
008 - Елементи даних фіксованої довжини – загальна інформація
fixed length control field 250620b un ||||| |||| 00| 0 ukr d
020 ## - Міжнародний стандартний книжковий номер (ISBN)
Міжнародний стандартний книжковий номер (ISBN) (НП) 9786178031053
040 ## - Джерело каталогізації
Мова каталогізації ukr
Агенція, яка здійснювала перезапис UA-OsUOA
080 ## - Індекс Універсальної десяткової класифікації
Індекс Універсальної десяткової класифікації (УДК) (НП) 364.6:355.2(477)
090 ## - Локальний шифр розміщення
Класифікаційний індекс УДК 364.6:355.2(477)
Авторський знак (НП) К90
100 ## - Основне введення – ім’я особи
Ім’я особи (НП) Куклишин О.
9 (RLIN) 20894
245 ## - Відомості про назву
Назва (НП) Як досягти кар'єрного успіху після військової служби
Решта назви (НП) практичні рекомендації
Дані про відповідальність (НП) Олександр Куклишин, Анастасія Хижняк
260 ## - Публікація, розповсюдження і т.п. (Вихідні дані)
Місце публікації, розповсюдження і т.п. (П) К.
Ім’я/ наймення видавництва, розповсюджувача і т.п. (П) Вольф І. Є.
Дата публікації, розповсюдження і т.п. (П) 2024
300 ## - Фізичний опис
Обсяг 64 с.
520 ## - Резюме і т.п.
Резюме, реферат, анотація, тощо (НП) Посібник «Як досягти кар’єрного успіху після військової<br/>служби» надасть дієві рекомендації та інструменти,<br/>необхідні для визначення майбутньої кар’єри, а також<br/>окреслить подальші кроки для досягнення успіху в обраній<br/>цивільній справі після закінчення військової служби.<br/>Підготовлено на основі практичного досвіду з використання<br/>ефективних американських інструментів підготовки<br/>військовослужбовців до цивільного життя, а також<br/>матеріалів Міністерства оборони Сполучених Штатів<br/>Америки – програми допомоги в перехідний період (Transition<br/>Assistance Program).<br/>Посібник створений за рекомендаціями ветеранів для<br/>ветеранів Громадською організацією «Зелена Смуга»<br/>в партнерстві з компанією «Jooble», американською<br/>організацією «Pittsburgh Hires Veterans», Міністерством<br/>у справах ветеранів України за підтримки Відділу преси,<br/>освіти та культури Посольства Сполучених Штатів<br/>Америки в Україні.<br/>Погляди авторів посібника не обов’язково збігаються з<br/>офіційною позицією уряду Сполучених Штатів Америки.
650 ## - Додаткове предметне введення – тематичний термін
Тематичний термін чи географічна назва, як елемент введення (НП) 364.6 Питання соціальної допомоги
9 (RLIN) 20896
700 1# - Додаткове введення – ім'я особи
Ім’я особи (НП) Хижняк А. Р.
9 (RLIN) 20897
942 ## - Додаткові елементи входу (Коха)
Тип елемента Koha Книги
Source of classification or shelving scheme Universal Decimal Classification
955 ## - Код типу видання за змістом
Код типу видання за змістом (НП) Навчальні видання
Фонди
Стан вилучень Стан втрат Джерело класифікації або схеми стелажів Стан уражень Не для кредиту Постійне місце розташування Поточне розміщення Дата придбання Джерело придбання Вартість, звичайна ціна покупки Усього замовленно Повний номер виклику Штрих-код Дата останнього перегляду Вартість, ціна заміни Ціна ефективна від Тип елемента Koha
    Universal Decimal Classification     ЧЗ - Читальна зала ЧЗ - Читальна зала 20/06/2025 №43/19.06.2025 38.00   364.6:355.2(477) К90 168819 20/06/2025 38.00 20/06/2025 Книги